书目信息 |
| 题名: |
特厚坚硬煤层综合机械化放顶煤开采技术
|
|
| 作者: | 张文江 , 张顶立 著 | |
| 分册: | ||
| 出版信息: | 北京 煤碳工业出版社 2004.05 |
|
| 页数: | 169页 | |
| 开本: | 20cm | |
| 丛书名: | ||
| 单 册: | ||
| 中图分类: | TD823.97 | |
| 科图分类: | ||
| 主题词: | 坚硬顶板--厚煤层采煤法--综合机械化掘进 | |
| 电子资源: | ||
| ISBN: | 7-5020-2394-1 | |
| 000 | 00910nam0 2200229 450 | |
| 001 | 0150963948 | |
| 005 | 20050913100733.11 | |
| 010 | @a7-5020-2394-1@dCNY25.00 | |
| 100 | @a20041118d2004 km y0chiy0120 ea | |
| 101 | 0 | @achi |
| 102 | @aCN@b110000 | |
| 105 | @aa z 000yy | |
| 200 | 1 | @a特厚坚硬煤层综合机械化放顶煤开采技术@Ate hou jian ying mei ceng zong he ji xie hua fang ding mei kai cai ji shu@f张文江, 张顶立著@Fzhang wen jiang,zhang ding li zhu |
| 210 | @a北京@c煤碳工业出版社@d2004.05 | |
| 215 | @a169页@c图@d20cm | |
| 330 | @a该书针对特厚坚硬煤层的结构和变形特点,提出了顶煤冒放性的三层次评价方法;解决了高瓦斯煤层的综放开采;介绍了综放开采中的粉尘防治及防灭火技术等内容。 | |
| 606 | 0 | @a坚硬顶板@x厚煤层采煤法@x综合机械化掘进 |
| 690 | @aTD823.97@v4 | |
| 701 | 0 | @a张文江@Azhang wen jiang@4著 |
| 701 | 0 | @a张顶立@Azhang ding li@4著 |
| 801 | 0 | @aCN@bQSSK@c20050913 |
| 905 | @a10447@dTD823.97@eZ192 | |
| 特厚坚硬煤层综合机械化放顶煤开采技术/张文江, 张顶立著.-北京:煤碳工业出版社,2004.05 |
| 169页:图;20cm |
| ISBN 7-5020-2394-1:CNY25.00 |
| 该书针对特厚坚硬煤层的结构和变形特点,提出了顶煤冒放性的三层次评价方法;解决了高瓦斯煤层的综放开采;介绍了综放开采中的粉尘防治及防灭火技术等内容。 |
| ● |
| 相关链接 |
|
|
|
正题名:特厚坚硬煤层综合机械化放顶煤开采技术
索取号:TD823.97/Z192
 
预约/预借
| 序号 | 登录号 | 条形码 | 馆藏地/架位号 | 状态 | 备注 |
| 1 | 563741 | 205637417 | 自科库501/501自科库 21排4列5层/ [索取号:TD823.97/Z192] | 在馆 | |
| 2 | 563742 | 205637426 | 自科库501/501自科库 21排4列5层/ [索取号:TD823.97/Z192] | 在馆 | |
| 3 | 563743 | 205637435 | 自科二线504/504自科库 41排5列1层/ [索取号:TD823.97/Z192] | 在馆 |